书目信息 |
| 题名: |
高等数学试题选解集
|
|
| 作者: | 邹节铣 , 陈强 编 | |
| 分册: | ||
| 出版信息: | 长沙 湖南科学技术出版社 1982 |
|
| 页数: | 673页 | |
| 开本: | 20cm | |
| 丛书名: | ||
| 单 册: | ||
| 中图分类: | O13 | |
| 科图分类: | ||
| 主题词: | 高等数学 | |
| 电子资源: | ||
| ISBN: | ||
| 000 | 00768nam0 2200217 45 | |
| 001 | 0405171041 | |
| 005 | 20060524081758.84 | |
| 010 | @dCNY1.85 | |
| 091 | @a13204.55 | |
| 100 | @a20040517d1982 km y0chiy0120 ea | |
| 101 | 0 | @achi |
| 200 | 1 | @a高等数学试题选解集@AGao Deng Shu Xue Shi Ti Xuan Jie Ji@e1979-1981全国招考研究生@E1979-1981 Quan Guo Zhao Kao Yan Jiu Sheng@f邹节铣,陈强编@FZou Jie Xi,Chen Qiang Bian |
| 210 | @a长沙@c湖南科学技术出版社@d1982 | |
| 215 | @a673页@d20cm | |
| 517 | @a1979-1981全国招考研究生@A1979-1981 Quan Guo Zhao Kao Yan Jiu Sheng | |
| 606 | 0 | @a高等数学 |
| 690 | @aO13@v3 | |
| 701 | 0 | @a邹节铣@4编 |
| 701 | 0 | @a陈强@4编 |
| 801 | @aCN@bPftUser@c20060524 | |
| 905 | @f1@b105409@f1@b105412@f1@b145843@f1@b86239@f1@b105410@f1@b86240@dO13@e10 | |
| 高等数学试题选解集:1979-1981全国招考研究生/邹节铣,陈强编.-长沙:湖南科学技术出版社,1982 |
| 673页;20cm |
| ISBN :CNY1.85 |
| ● |
| 相关链接 |
|
|
|
|
正题名:高等数学试题选解集
索取号:O13/10
 
预约/预借
| 序号 | 登录号 | 条形码 | 馆藏地/架位号 | 状态 | 备注 |
| 1 | 0086239 | 001241846 | 第三借阅区/ [索取号:O13/10] | 在馆 | |
| 2 | 0086240 | 001241775 | 第三借阅区/ [索取号:O13/10] | 在馆 | |
| 3 | 0086241 | 202376945 | 密集书库/ [索取号:O13/10] | 在馆 | |
| 4 | 0086242 | 202199646 | 密集书库/ [索取号:O13/10] | 在馆 | |
| 5 | 0086243 | 202376990 | 密集书库/ [索取号:O13/10] | 在馆 | |
| 6 | 0105409 | 001241784 | 第三借阅区/ [索取号:O13/10] | 在馆 | |
| 7 | 0105410 | 001241793 | 第三借阅区/ [索取号:O13/10] | 在馆 | |
| 8 | 0105411 | 202202598 | 密集书库/ [索取号:O13/10] | 在馆 | |
| 9 | 0105412 | 001492487 | 第三借阅区/ [索取号:O13/10] | 在馆 | |
| 10 | 0105413 | 202202632 | 密集书库/ [索取号:O13/10] | 在馆 | |
| 11 | 0145843 | 001241837 | 第三借阅区/ [索取号:O13/10] | 在馆 | |
| 12 | 0145844 | 202097079 | 第二样本阅览室/ [索取号:O13/10] | 在馆 |